| Tag |
First Indicator |
Second Indicator |
Subfields |
| LEADER |
00000nam a2200000Ia 4500 |
| 001 |
in00004267921 |
| 005 |
20200810074041.0 |
| 006 |
m g d |
| 007 |
cr bn |||a|bb| |
| 008 |
850731s1687 enk o 00| | eng d |
| 035 |
|
|
|a (OCoLC)12331736
|
| 040 |
|
|
|a EAA
|c EAA
|d m/c
|d EAA
|d WaOLN
|
| 037 |
|
|
|a CL0037000029
|b ProQuest Information and Learning. 300 N. Zeeb Rd., Ann Arbor, MI 48106
|
| 041 |
1 |
|
|a eng
|h ang
|
| 049 |
|
|
|a UMIA
|
| 100 |
0 |
|
|a Aelfric,
|c Abbot of Eynsham.
|
| 240 |
1 |
0 |
|a Sermo de sacrificio in die Pascae.
|l English
|
| 245 |
1 |
2 |
|a A testimonie of antiquity :
|b shewing the auncient faith in the Church of England, touching the Sacrament of the body and bloude of the Lord here publickly preached, and also receaved in the Saxons time, above 600 years agoe /
|c translated from the Saxon tongue, and printed from a very ancient copy.
|
| 260 |
|
|
|a London :
|b Printed for J.W. :
|b and are to be sold by Randal Tayllor,
|c 1687.
|
| 300 |
|
|
|a 1 online resource ([2], xiv, 24 pages)
|
| 336 |
|
|
|a text
|b txt
|2 rdacontent
|
| 337 |
|
|
|a computer
|b c
|2 rdamedia
|
| 338 |
|
|
|a online resource
|b cr
|2 rdacarrier
|
| 500 |
|
|
|a Attributed to Aelfric. Cf. NUC pre-1956.
|
| 500 |
|
|
|a Published in 1566-1567 by Archbishop Parker and his secretary John Joscelyn; re-edited by William Lisle and published in 1623 as an appendix to his edition of the Saxon treatise concerning the Old and New Testament. Cf. DNB.
|
| 500 |
|
|
|a Reproduction of original in Bodleian Library.
|
| 510 |
4 |
|
|a Wing
|c A678
|
| 533 |
|
|
|a Electronic reproduction.
|b Ann Arbor, Mich. :
|c UMI,
|d 1999-
|f (Early English books online)
|n Digital version of: (Early English books, 1641-1700 ; 908:17)
|7 s1999 miun s
|
| 650 |
|
0 |
|a Lord's Supper
|v Early works to 1800.
|
| 700 |
1 |
|
|a Joscelyn, John,
|d 1529-1603.
|
| 700 |
1 |
|
|a Parker, Matthew,
|d 1504-1575.
|
| 700 |
1 |
|
|a Lisle, William,
|d 1579?-1637.
|
| 830 |
|
0 |
|a Early English books online.
|
| 856 |
4 |
0 |
|u http://proxy.library.tamu.edu/login?url=https://search.proquest.com/docview/2240975464
|z Connect to the full text of this electronic book
|t 0
|
| 999 |
f |
f |
|s a80b23bb-2c20-3e18-b309-cc5c139927dd
|i 8489d273-002f-339f-93bd-fbc926a429be
|t 0
|
| 952 |
f |
f |
|a Texas A&M University
|b College Station
|c Electronic Resources
|d Available Online
|t 0
|h No information provided
|
| 998 |
f |
f |
|t 0
|l Available Online
|